00000000nam##2200000za#4500
0019.663144
003CaOODSP
00520210615120917
007ta
008150407|2001||||xxc|||||     f|0| 0 fre|d
020 |a0-662-66025-0
040 |aCaOODSP|bfre
041 |aeng
041 |afre
043 |an-cn---
0861 |aH49-143/2001
1101 |aCanada. |bDirection générale des produits de santé et des aliments.
24510|aLes jus de fruit non pasteurisés : |bconnaissez ce que vous buvez
260 |aOttawa - Ontario : |bSanté Canada. |c2001.
546 |aBilingue
563 |aDépliant
590 |a01-38|b2001-09-21
69107|aSécurité alimentaire|2gcpds
69107|aProduit agro-alimentaire|2gcpds
7760#|tUnpasteurized fruit juices and cider : |w(CaOODSP)9.675629
791 |tUnpasteurized fruit juices and cider : |eeng|w(CaOODSP)9.663143